Beke György Éjszakai biciklisták : [könyvismertetés] /

Elmentve itt :
Bibliográfiai részletek
Szerző: Pomogáts Béla
További közreműködők: Beke György
Hézső Ferenc
Dokumentumtípus: Cikk
Megjelent: 1976
Sorozat:Tiszatáj 30 No. 7
Kulcsszavak:Magyar irodalom - Erdély - könyvismertetés
Online Access:http://tiszataj.bibl.u-szeged.hu/9199
LEADER 00687nab a2200205 i 4500
001 tisza9199
005 20200330134457.0
008 170706s1976 hu o 0|| hun d
022 |a 0133-1167 
040 |a SZTE Tiszatáj Archívum  |b hun 
041 |a hun 
100 1 |a Pomogáts Béla 
245 1 0 |a Beke György  |h [elektronikus dokumentum] :  |b Éjszakai biciklisták : [könyvismertetés] /  |c  Pomogáts Béla 
260 |c 1976 
300 |a 93-95 
490 0 |a Tiszatáj  |v 30 No. 7 
695 |a Magyar irodalom - Erdély - könyvismertetés 
700 0 1 |a Beke György 
700 0 1 |a Hézső Ferenc 
856 4 0 |u http://tiszataj.bibl.u-szeged.hu/9199/1/tiszataj_1976_007_093-095.pdf  |z Dokumentum-elérés